| 000 | 01781cad a22003255a 4500 | ||
|---|---|---|---|
| 001 | E159628 | ||
| 008 | 130206s2017 xxk f 000 0 eng d | ||
| 020 | _a9781315628011 | ||
| 035 | _a(Sirsi) u159628 | ||
| 041 | 0 | _aeng | |
| 050 | 0 | 4 | _a692.8 $2 18 |
| 245 |
_aHeritage building information modelling _h[electronic resource] |
||
| 260 |
_aAbingdon _bRoutledge _c2017 |
||
| 300 | _aEBOOK | ||
| 520 | _aHeritage Building Information Modelling (HBIM) differs necessarily from the commonplace applications of BIM to new construction. Where BIM is being used, the focus is still very much on design and construction. However, its use as an operational and management tool for existing buildings, particularly heritage buildings, is lagging behind. It aims to clearly define the scope for HBIM and present cutting-edge research findings alongside international case studies, before outlining challenges for the future of HBIM research and practice. After an extensive introduction to HBIM, the core themes of the book are arranged into four parts. Restoration philosophies in practice, data capture and visualisation for maintenance and repair, building performance, stakeholder engagement. | ||
| 590 | _aKA | ||
| 650 | 2 | 4 |
_aBIM _96219 |
| 650 | 2 | 4 | _aHERITAGE MANAGEMENT |
| 650 | 2 | 4 | _aHERITAGE PROPERTY |
| 651 | 4 |
_aUnited Kingdom _y |
|
| 690 |
_aBIM _96219 |
||
| 700 | 1 |
_aArayici, Yusuf _xEditor |
|
| 700 | 1 |
_aCounsell, John _xEditor |
|
| 700 | 1 |
_aMahdjoubi, Lamine _xEditor |
|
| 700 | 1 |
_aNagy, Gehan A. _xEditor |
|
| 700 | 1 |
_aHawas, Soheir _xEditor |
|
| 700 | 1 |
_aDweidar, Khaled _xEditor |
|
| 856 | 4 | 0 |
_uwww.rics.org/Global/RICS_BIM_for_building_surveyors_1st_edition_PG_guidance.pdf _zView the guidance free of charge (member-only content) at www.rics.org |
| 942 | _n0 | ||
| 999 |
_c116062 _d116062 |
||